Bound for exile : (Registro nro. 27169)

Detalles MARC
000 -LEADER
campo de control de longitud fija 03591cam a22005534i 4500
003 - IDENTIFICADOR DE NÚMERO DE CONTROL
campo de control PE-LiUPU
005 - FECHA Y HORA DE LA ÚLTIMA TRANSACCIÓN
campo de control 20250731184537.0
008 - DATOS DE LONGITUD FIJA--INFORMACIÓN GENERAL
campo de control de longitud fija 180313s2013 is a rb 001 0 eng d
020 ## - NÚMERO INTERNACIONAL ESTÁNDAR DEL LIBRO
Número Internacional Estándar del Libro 9652208434
020 ## - NÚMERO INTERNACIONAL ESTÁNDAR DEL LIBRO
Número Internacional Estándar del Libro 9789652208439
035 ## - NÚMERO DE CONTROL DEL SISTEMA
Número de control de sistema (Sirsi) a241558
040 ## - FUENTE DE CATALOGACIÓN
Centro catalogador/agencia de origen PE-LiUPU
Lengua de catalogación spa
Centro/agencia transcriptor PE-LiUPU
Normas de descripción rda
049 ## - FONDOS LOCALES (OCLC)
Biblioteca depositaria PRUA
082 04 - NÚMERO DE LA CLASIFICACIÓN DECIMAL DEWEY
Número de clasificación 956.9401
Cutter B7
Número de edición 23
245 00 - MENCIÓN DEL TÍTULO
Título Bound for exile :
Resto del título Israelites and Judeans under imperial yoke : documents from Assyria and Babylonia /
Mención de responsabilidad, etc. translated and annotated by Mordechai Cogan.
264 #1 - PRODUCCIÓN, PUBLICACIÓN, DISTRIBUCIÓN, FABRICACIÓN Y COPYRIGHT
Producción, publicación, distribución, fabricación y copyright Jerusalem :
Nombre del de productor, editor, distribuidor, fabricante Carta,
Fecha de producción, publicación, distribución, fabricación o copyright 2013.
300 ## - DESCRIPCIÓN FÍSICA
Extensión vii, 177 páginas :
Otras características físicas ilustraciones ;
Dimensiones 25 centímetros.
336 ## - TIPO DE CONTENIDO
Término de tipo de contenido text
Fuente rdacontent
337 ## - TIPO DE MEDIO
Nombre/término del tipo de medio unmediated
Fuente rdamedia
338 ## - TIPO DE SOPORTE
Nombre/término del tipo de soporte volume
Fuente rdacarrier
490 0# - MENCIÓN DE SERIE
Mención de serie Carta handbook
504 ## - NOTA DE BIBLIOGRAFÍA, ETC.
Nota de bibliografía, etc. Bibliografía al final de cada capítulo.
504 ## - NOTA DE BIBLIOGRAFÍA, ETC.
Nota de bibliografía, etc. Índice: páginas 165-177.
505 0# - NOTA DE CONTENIDO CON FORMATO
Nota de contenido con formato Introduction -- Chapter 1: The Assyrian provinces of Magiddu and Samerina -- Bulla with Royal Assyrian Seal from Samerina -- Judicial order from Samaria -- Record of sale from tel Hadid -- Record of debt from tel Hadid -- Record of Land sale from Gezer -- Letter concerning events in Transjordan -- Chapter 2: Israelites in Assyrian exile -- Individual israelites identified by name -- The Chariot Troops form Samaria -- Samarians working at Dur-Sharrukin -- Digging a Canal -- Samarians Pay Corn Tax -- Redemption of an Israelite -- Chapter 3: Treaties and Oaths in the Assyrian Empire -- Esarhaddon´s treaty for the succesion of Ashurbanipal -- Esarhaddon´s treaty with Baal of Tyre -- Ashurbanipal´s treaty with the tribe of Kedar -- Chapter 4: The kingdom of Judah as an Assyrian Vassal -- Report of tribute payment form Judah -- A call to surrender -- Receipts and sealings of tribute payments and gifts -- Payment from Judah -- Payment form Ekron -- Payments from Western Vassals -- Debt owed a Judean in nineveh -- Chapter 5: Judeans in Assyrian exile -- Judean captives depicted in Sennacherib´s "Palace without rival" -- Judean laborers -- Judean soldiers -- Judean musicians -- Individual judeans identified by name -- Judean sale of a Slave -- Purchase of a woman in Gozan -- Record of Land sale in Dur-Katlimmu -- Chapter 6: Judeans in Babylonian exile -- Jehoiachin, king of Judah, in Babylon -- Individual Judeans in Babylonia identified by name -- A Judean Tax-collector -- Record of sale from al Yahudu, city of Judah -- Record of inheritance division from al Yahudu, city of Judah -- Forbidden assignations -- Appendix: Spoils the kingdom of Israel -- Glossary -- Chronological tables -- Indices.
526 ## - NOTA DE INFORMACIÓN SOBRE EL PROGRAMA DE ESTUDIO
Nombre del programa Doctorado En Educación Con Mención En Currículo Y Docencia (A Distancia)
526 ## - NOTA DE INFORMACIÓN SOBRE EL PROGRAMA DE ESTUDIO
Nombre del programa Doctorado En Educación Con Mención En Currículo Y Docencia (Semipresencial)
526 ## - NOTA DE INFORMACIÓN SOBRE EL PROGRAMA DE ESTUDIO
Nombre del programa Doctorado En Educación Con Mención En Gestión Educativa (A Distancia)
526 ## - NOTA DE INFORMACIÓN SOBRE EL PROGRAMA DE ESTUDIO
Nombre del programa Doctorado En Educación Con Mención En Gestión Educativa (Semipresencial)
526 ## - NOTA DE INFORMACIÓN SOBRE EL PROGRAMA DE ESTUDIO
Nombre del programa Derecho semipresencial
526 ## - NOTA DE INFORMACIÓN SOBRE EL PROGRAMA DE ESTUDIO
Nombre del programa Derecho presencial
526 ## - NOTA DE INFORMACIÓN SOBRE EL PROGRAMA DE ESTUDIO
Nombre del programa Maestría en teología histórica
526 ## - NOTA DE INFORMACIÓN SOBRE EL PROGRAMA DE ESTUDIO
Nombre del programa Teología
526 ## - NOTA DE INFORMACIÓN SOBRE EL PROGRAMA DE ESTUDIO
Nombre del programa Educación primaria
526 ## - NOTA DE INFORMACIÓN SOBRE EL PROGRAMA DE ESTUDIO
Nombre del programa Educación secundaria, especialidad lingüística e inglés
526 ## - NOTA DE INFORMACIÓN SOBRE EL PROGRAMA DE ESTUDIO
Nombre del programa Educación secundaria, especialidad ambiental, biología y química
526 ## - NOTA DE INFORMACIÓN SOBRE EL PROGRAMA DE ESTUDIO
Nombre del programa Arquitectura
596 ## -
-- 1
650 04 - PUNTO DE ACCESO ADICIONAL DE MATERIA--TÉRMINO DE MATERIA
Término de materia o nombre geográfico como elemento de entrada Judíos
Subdivisión general Jews.
650 04 - PUNTO DE ACCESO ADICIONAL DE MATERIA--TÉRMINO DE MATERIA
Término de materia o nombre geográfico como elemento de entrada Medio este
Subdivisión geográfica Middle East.
700 1# - ENTRADA AGREGADA--NOMBRE PERSONAL
Nombre de persona Cogan, Mordechai,
Término indicativo de función/relación editor.
910 ## - DATOS DE OPCIÓN DEL USUARIO (OCLC)
Datos de opción del usuario dbm
-- wmm
-- wmm
-- 20180313
910 ## - DATOS DE OPCIÓN DEL USUARIO (OCLC)
Datos de opción del usuario jpc
-- jpc
-- jpc
-- 20190711
942 ## - ELEMENTOS DE ENTRADA SECUNDARIOS (KOHA)
Fuente del sistema de clasificación o colocación Clasificación Decimal Dewey
Tipo de ítem Koha
994 ## -
-- C0
-- PEPRU
999 ## - NÚMEROS DE CONTROL DE SISTEMA (KOHA)
-- DEWEY
-- 78375
-- 2021-11-12
-- 4
-- CCODEBUL1
-- BUL
-- 50.00
-- 1
-- 0
-- Y
-- BOOK
-- 2018-3-13
-- TEOLOGIA
-- P35
-- COMPRA
-- .STAFF. Colección Teología
999 ## - NÚMEROS DE CONTROL DE SISTEMA (KOHA)
-- DEWEY
-- 80237
-- 2021-11-12
-- 3
-- CCODEBUL1
-- BUL
-- 55.00
-- 0
-- Y
-- BOOK
-- 2019-7-11
-- TEOLOGIA
-- P35
-- COMPRA
-- .STAFF. Colección Teología
980 ## - EQUIVALENCIA O REFERENCIA-CRUZADA-MENCIÓN DE SERIE--NOMBRE DE PERSONA/TÍTULO [LOCAL, CANADÁ]
ID del último usuario que modificó el registro 1
Nombre del último usuario que modificó el registro ALBERTO SANCHEZ Responsable de Automatización
Existencias
Visto por última vez Número de inventario Total de préstamos Signatura topográfica completa Código de barras Copia número Coste, precio de reemplazo Fecha de reemplazo Facultad Tipo de ítem Koha Nota pública Estado de pérdida Fuente del sistema de clasificación o colocación Restricciones de uso No para préstamo Colección Programa académico Biblioteca de origen Biblioteca actual Ubicación en estantería Fecha de adquisición Fuente de adquisición Coste, precio normal de compra
2025-12-03 5   956.9401 B7 78375 e1 55.00 2018-03-13   Libros físicos inventario-2023-12-13 No Perdido Clasificación Decimal Dewey No restringido Disponible para préstamos Colección General Teología Biblioteca CRAI UPeU Lima Biblioteca CRAI UPeU Lima Sala principal 2018-03-13 COMPRA 50.00
2025-12-03 4   956.9401 B7 80237 e2 60.00 2019-07-11   Libros físicos inventario-2023-12-13 No Perdido Clasificación Decimal Dewey No restringido Disponible para préstamos Colección General Teología Biblioteca CRAI UPeU Lima Biblioteca CRAI UPeU Lima Sala principal 2019-07-11 COMPRA 55.00